Rozpočet a politiky Evropské unie

Salvato in:
Dettagli Bibliografici
Autore principale: König, Petr
Altri autori: Lacina, Lubor
Natura: Libro
Lingua:ceco
Pubblicazione: Praha C.H. BECK 2004
Serie:Beckova edice ekonomie
Soggetti:
Tags: Aggiungi Tag
Nessun Tag, puoi essere il primo ad aggiungerne!!

MARC

LEADER 00000nam$a2200000$$$4500
001 0021963
005 20240306141629.6
020 |a 80-7179-846-0 
041 0 |a cze 
044 |a CZ 
245 1 0 |a Rozpočet a politiky Evropské unie  |c Petr König, Lubor Lacina a kol. 
264 1 |a Praha  |b C.H. BECK  |c 2004 
300 |a 374 s. 
490 1 |a Beckova edice ekonomie 
830 0 |a Beckova edice ekonomie 
610 2 0 |a integrácia ekonomická medzinárodná 
610 2 0 |a rozpočty 
610 2 0 |a príjmy 
610 2 0 |a výdavky 
610 2 0 |a kontrola 
610 2 0 |a bilancie 
610 2 0 |a dohody medzinárodné 
610 2 0 |a financovanie 
610 2 0 |a dane 
610 2 0 |a poľnohospodárstvo 
610 2 0 |a nástroje ekonomické 
610 2 0 |a regulácia 
610 2 0 |a reformy 
610 2 0 |a fondy štruktúrne 
610 2 0 |a politika vnútorná 
610 2 0 |a politika zahraničná 
610 2 0 |a administratíva 
610 2 0 |a rezervy 
610 2 0 |a pomoc zahraničná 
610 2 0 |a Európska únia 
610 2 0 |a Česko 
100 1 |a König, Petr 
700 1 |a Lacina, Lubor